[Event "2 Bundesliga Mitte 2006/2007"]
[Site "Trofaiach"]
[Date "2007.03.03"]
[Round "8"]
[Board "1"]
[White "Zaja, Ivan"]
[Black "Vogt, Lothar"]
[Result "1/2-1/2"]
[WhiteElo "2445"]
[BlackElo "2479"]
[PlyCount "50"]
[EventDate "2006.10.28"]
[EventType "team"]
[EventRounds "11"]
[EventCountry "AUT"]
[WhiteTeam "SG Alpine Raika Trofaiach Niklasdorf"]
[BlackTeam "Austria Graz"]

1.d4 Nf6 2.c4 g6 3.Nc3 Bg7 4.e4 d6 5.f3 O-O 6.Nge2 a6 7.Be3 Nbd7 8.Ng3 c5 9.d5
h5 10.Be2 h4 11.Nf1 h3 12.gxh3 b5 13.cxb5 Qa5 14.Qd2 axb5 15.Nxb5 Nb6 16.Qxa5
Rxa5 17.b4 Ra6 18.bxc5 dxc5 19.Bxc5 Nxe4 20.Bd4 Bxd4 21.Nxd4 Ra4 22.Nc6 Nc3
23.Nxe7+ Kg7 24.Ne3 Bxh3 25.Kf2 Re8

[Event "2 Bundesliga Mitte 2006/2007"]
[Site "Trofaiach"]
[Date "2007.03.03"]
[Round "8"]
[Board "2"]
[White "Paehtz, Thomas"]
[Black "Bukal, Vladimir Jun"]
[Result "1-0"]
[WhiteElo "2420"]
[BlackElo "2407"]
[PlyCount "99"]
[EventDate "2006.10.28"]
[EventType "team"]
[EventRounds "11"]
[EventCountry "AUT"]
[WhiteTeam "Austria Graz"]
[BlackTeam "SG Alpine Raika Trofaiach Niklasdorf"]

1.e4 e6 2.d4 d5 3.Nc3 Bb4 4.e5 Ne7 5.a3 Bxc3+ 6.bxc3 c5 7.Nf3 Qa5 8.Bd2 Nbc6
9.h4 Bd7 10.h5 h6 11.Bd3 Qc7 12.O-O O-O-O 13.Bf4 c4 14.Be2 g5 15.Bh2 Rdf8 16.Qd2
Qa5 17.g4 Ng8 18.Qe3 Rh7 19.Nd2 Kb8 20.a4 Ka8 21.Rfb1 f5 22.exf6 Nxf6 23.f3 Re8
24.Be5 Rf7 25.Rb5 Qa6 26.Rab1 b6 27.R5b2 Qxa4 28.Bd6 Na5 29.Bf1 Bc8 30.Bg2 Qd7
31.Bg3 Bb7 32.Ra1 Nc6 33.Rxb6 e5 34.dxe5 d4 35.cxd4 Nd5 36.Rxb7 Nxe3 37.Rxd7
Rxd7 38.Bh1 Nxd4 39.Re1 Ndxc2 40.f4+ Kb8 41.Rb1+ Kc7 42.Ne4 gxf4 43.Bxf4 Rd1+
44.Rxd1 Nxd1 45.Nf6 Re6 46.g5 Nd4 47.gxh6 Ne2+ 48.Kh2 Nxf4 49.h7 Rxe5 50.h8=Q

[Event "2 Bundesliga Mitte 2006/2007"]
[Site "Trofaiach"]
[Date "2007.03.03"]
[Round "8"]
[Board "3"]
[White "Bukal, Vladimir"]
[Black "Kotz, Heinz Peter"]
[Result "1/2-1/2"]
[WhiteElo "2414"]
[BlackElo "2355"]
[PlyCount "155"]
[EventDate "2006.10.28"]
[EventType "team"]
[EventRounds "11"]
[EventCountry "AUT"]
[WhiteTeam "SG Alpine Raika Trofaiach Niklasdorf"]
[BlackTeam "Austria Graz"]

1.c4 g6 2.Nc3 Bg7 3.g3 d6 4.Bg2 Nf6 5.d4 O-O 6.Nf3 Nbd7 7.O-O e5 8.e4 a6 9.h3 b5
10.Qc2 bxc4 11.Na4 Bb7 12.Re1 exd4 13.Nxd4 Ne5 14.Re2 c5 15.Nf3 Nfd7 16.Nxe5
Nxe5 17.Be3 Bc6 18.Nc3 Rb8 19.Rb1 Qf6 20.f4 Nd3 21.e5 dxe5 22.fxe5 Qe6 23.Bxc6
Qxc6 24.Bf4 Qe6 25.Ne4 Bxe5 26.Bxe5 Qxe5 27.Qxc4 Qd4+ 28.Qxd4 cxd4 29.Rd1 Rxb2
30.Rxb2 Nxb2 31.Rxd4 Rc8 32.Kf2 Rc4 33.Rd8+ Kg7 34.Nd6 Ra4 35.Rd7 Nd3+ 36.Ke3
Ne5 37.Re7 Kf6 38.Re8 Nc4+ 39.Nxc4 Rxc4 40.Rb8 Rc3+ 41.Kf4 Rc4+ 42.Kf3 Ra4
43.Rb2 Ra3+ 44.Kf4 g5+ 45.Kg4 Kg6 46.h4 f5+ 47.Kh3 f4 48.Rb6+ Kh5 49.hxg5 Kxg5
50.Rb2 Rxg3+ 51.Kh2 h5 52.Rc2 Kg4 53.Rd2 Re3 54.Rc2 h4 55.Rb2 Re4 56.Rc2 f3
57.Rc8 Re2+ 58.Kg1 Rg2+ 59.Kh1 h3 60.a4 f2 61.Rc1 Rg1+ 62.Rxg1+ fxg1=Q+ 63.Kxg1
a5 64.Kh2 Kh4 65.Kg1 Kg3 66.Kh1 Kf3 67.Kh2 Ke4 68.Kxh3 Kd4 69.Kg3 Kc4 70.Kf3 Kb4
71.Ke3 Kxa4 72.Kd2 Kb3 73.Kc1 Ka2 74.Kc2 a4 75.Kc1 a3 76.Kc2 Ka1 77.Kc1 a2
78.Kc2

[Event "2 Bundesliga Mitte 2006/2007"]
[Site "Trofaiach"]
[Date "2007.03.03"]
[Round "8"]
[Board "4"]
[White "Fahrner, Kurt"]
[Black "Stuhlik, Marko"]
[Result "1/2-1/2"]
[WhiteElo "2346"]
[BlackElo "2229"]
[PlyCount "35"]
[EventDate "2006.10.28"]
[EventType "team"]
[EventRounds "11"]
[EventCountry "AUT"]
[WhiteTeam "Austria Graz"]
[BlackTeam "SG Alpine Raika Trofaiach Niklasdorf"]

1.d4 d6 2.c4 g6 3.Nc3 Bg7 4.Nf3 c6 5.Bg5 f6 6.Bh4 Nh6 7.e4 Nf7 8.d5 Na6 9.Be2
Nc7 10.O-O e5 11.dxe6 Nxe6 12.Nd4 O-O 13.Nxe6 Bxe6 14.Bg3 Qa5 15.Rb1 Rad8 16.b4
Qc7 17.Qc2 Qe7 18.Rfe1

[Event "2 Bundesliga Mitte 2006/2007"]
[Site "Trofaiach"]
[Date "2007.03.03"]
[Round "8"]
[Board "5"]
[White "Mitter, Gerd"]
[Black "Aschenbrenner, Robert"]
[Result "1/2-1/2"]
[WhiteElo "2194"]
[BlackElo "2280"]
[PlyCount "83"]
[EventDate "2006.10.28"]
[EventType "team"]
[EventRounds "11"]
[EventCountry "AUT"]
[WhiteTeam "SG Alpine Raika Trofaiach Niklasdorf"]
[BlackTeam "Austria Graz"]

1.Nf3 Nf6 2.c4 g6 3.g3 Bg7 4.Bg2 O-O 5.O-O d6 6.Nc3 e5 7.d3 Nc6 8.Rb1 a5 9.a3 h6
10.b4 axb4 11.axb4 Ne7 12.Bd2 Be6 13.Ra1 Qd7 14.Re1 Nh5 15.e4 c6 16.b5 f5
17.Rxa8 Rxa8 18.Nh4 Nf6 19.bxc6 bxc6 20.exf5 Nxf5 21.Nxf5 Bxf5 22.Ne4 Ne8 23.Qb3
Kh7 24.Be3 Qc7 25.Rb1 Qc8 26.h4 Qa6 27.Kh2 Bxe4 28.Bxe4 Nf6 29.Bf3 Rf8 30.Qb7
Qa2 31.Rb2 Qa1 32.Rb6 d5 33.Rxc6 e4 34.dxe4 d4 35.Ra6 Qe1 36.Ra7 Ne8 37.Bxd4
Rxf3 38.Qxg7+ Nxg7 39.Rxg7+ Kh8 40.Rxg6+ Kh7 41.Rg7+ Kh8 42.Rg6+

[Event "2 Bundesliga Mitte 2006/2007"]
[Site "Trofaiach"]
[Date "2007.03.03"]
[Round "8"]
[Board "1"]
[White "Neubauer, Martin"]
[Black "Haba, Petr"]
[Result "1/2-1/2"]
[WhiteElo "2480"]
[BlackElo "2514"]
[PlyCount "87"]
[EventDate "2006.10.28"]
[EventType "team"]
[EventRounds "11"]
[EventCountry "AUT"]
[WhiteTeam "ASVOe Raika StVeit/Glan"]
[BlackTeam "SC Ansfelden"]

1.e4 c6 2.d4 d5 3.e5 Bf5 4.Nf3 e6 5.Be2 Ne7 6.O-O h6 7.Nbd2 Nd7 8.Nb3 Rc8 9.c3
Bg4 10.Ne1 Bxe2 11.Qxe2 Qb6 12.Nc2 Qb5 13.Qxb5 cxb5 14.a4 bxa4 15.Rxa4 a6 16.Na5
Rc7 17.Ne3 Nc6 18.f4 Nb6 19.Ra2 Nxa5 20.Rxa5 Be7 21.Bd2 h5 22.g3 g6 23.b3 Kd7
24.Kf2 Rhc8 25.Ke2 Rc6 26.Kd3 Na8 27.c4 Rb6 28.Kc2 Rbc6 29.Kd3 Rb6 30.Kc2 Rbc6
31.Rb1 Nb6 32.Kd3 dxc4+ 33.bxc4 Nxc4 34.Rxb7+ Ke8 35.Nxc4 Rxc4 36.Rxa6 R4c7
37.Raa7 Rxb7 38.Rxb7 Ra8 39.Bc3 Ra2 40.Bb2 Ba3 41.Bxa3 Rxa3+ 42.Kc4 Ra2 43.h4
Rc2+ 44.Kd3

[Event "2 Bundesliga Mitte 2006/2007"]
[Site "Trofaiach"]
[Date "2007.03.03"]
[Round "8"]
[Board "2"]
[White "Knoll, Hermann"]
[Black "Rogic, Davor"]
[Result "0-1"]
[WhiteElo "2373"]
[BlackElo "2494"]
[PlyCount "108"]
[EventDate "2006.10.28"]
[EventType "team"]
[EventRounds "11"]
[EventCountry "AUT"]
[WhiteTeam "SC Ansfelden"]
[BlackTeam "ASVOe Raika StVeit/Glan"]

1.e4 e5 2.Nf3 Nc6 3.Bb5 a6 4.Ba4 Nf6 5.O-O Be7 6.Re1 b5 7.Bb3 d6 8.c3 Na5 9.Bc2
c5 10.h3 O-O 11.d4 Qc7 12.Nbd2 cxd4 13.cxd4 Bd7 14.Nf1 Rac8 15.Ne3 Nc6 16.d5 Nb4
17.Bb1 a5 18.a3 Na6 19.b4 g6 20.Bd2 Nh5 21.Bd3 Qb7 22.Bf1 Ng7 23.bxa5 Nc5 24.Bb4
Bd8 25.Ng4 f6 26.Nd2 f5 27.Nh2 Qa7 28.exf5 Nxf5 29.Nhf3 Bxa5 30.Bxa5 Qxa5 31.Rb1
Qxa3 32.Bxb5 Bxb5 33.Rxb5 Qd3 34.Rb1 Qxd5 35.Ne4 Qxd1 36.Rbxd1 Nxe4 37.Rxe4 Rc6
38.Re2 h6 39.Red2 Rf6 40.Re1 Ra6 41.Rc2 Rf7 42.Rd2 Rb7 43.Red1 Rbb6 44.Re2 Kf7
45.Rc1 Ra7 46.g4 Ng7 47.Rd1 Ne6 48.Red2 Ke7 49.Nh4 Nf4 50.Kh2 Ra3 51.f3 Rab3
52.Kg3 Rb2 53.Ng2 Ne2+ 54.Kf2 Nc3

[Event "2 Bundesliga Mitte 2006/2007"]
[Site "Trofaiach"]
[Date "2007.03.03"]
[Round "8"]
[Board "3"]
[White "Jurkovic, Hryoje"]
[Black "Hellmayr, Alois"]
[Result "1/2-1/2"]
[WhiteElo "2438"]
[BlackElo "2315"]
[PlyCount "119"]
[EventDate "2006.10.28"]
[EventType "team"]
[EventRounds "11"]
[EventCountry "AUT"]
[WhiteTeam "ASVOe Raika StVeit/Glan"]
[BlackTeam "SC Ansfelden"]

1.e4 c5 2.Nf3 e6 3.c3 d5 4.exd5 Qxd5 5.d4 cxd4 6.cxd4 Nf6 7.Nc3 Qd6 8.Bd3 Be7
9.O-O O-O 10.Be3 Bd7 11.Ne5 Bc6 12.Qe2 Nbd7 13.Nxc6 bxc6 14.Rac1 Nb6 15.Bg5 Nbd5
16.Ne4 Nxe4 17.Qxe4 g6 18.Bxe7 Nxe7 19.Rc4 Rab8 20.Qe2 Rb4 21.Rfc1 Rd8 22.Be4
Rdb8 23.b3 Rxc4 24.Rxc4 Rb4 25.g3 a5 26.Qc2 Kf8 27.Qc3 Rxc4 28.bxc4 Qd8 29.Qb2
Qc7 30.Qa3 Ke8 31.Qc5 Kd7 32.Kf1 Qd6 33.Qa7+ Qc7 34.Qa6 f5 35.Bf3 e5 36.dxe5
Qxe5 37.Qb7+ Kd6 38.Qb8+ Ke6 39.Qb3 Kd6 40.Qb8+ Ke6 41.Qb6 Kd6 42.Qd8+ Ke6
43.Kg2 h5 44.h4 Qc5 45.Qd3 Ke5 46.Be2 Ke6 47.Kf1 Nc8 48.Qd8 Ne7 49.Kg2 Qe5
50.Bf3 Qc5 51.Qc7 a4 52.Qf4 a3 53.Qd2 Nc8 54.Qh6 Ne7 55.Bxh5 Qxc4 56.Bxg6 Qxa2
57.Be8+ Ke5 58.Qf4+ Ke6 59.Qh6+ Ke5 60.Qf4+

[Event "2 Bundesliga Mitte 2006/2007"]
[Site "Trofaiach"]
[Date "2007.03.03"]
[Round "8"]
[Board "4"]
[White "Rumpl, Erwin"]
[Black "Mazi, Leon"]
[Result "1-0"]
[WhiteElo "2288"]
[BlackElo "2350"]
[PlyCount "71"]
[EventDate "2006.10.28"]
[EventType "team"]
[EventRounds "11"]
[EventCountry "AUT"]
[WhiteTeam "SC Ansfelden"]
[BlackTeam "ASVOe Raika StVeit/Glan"]

1.Nf3 Nf6 2.g3 g6 3.b3 Bg7 4.Bb2 O-O 5.Bg2 d6 6.d4 e5 7.dxe5 Nfd7 8.Qd2 dxe5
9.Nc3 Qe7 10.e4 c6 11.a4 Re8 12.Ba3 Qf6 13.O-O Nf8 14.Nd1 Bg4 15.Ne1 Na6 16.f3
Bc8 17.Ne3 Ne6 18.Nd3 Nd4 19.Nc4 Qe6 20.Rad1 Rd8 21.Bb2 c5 22.f4 exf4 23.Nxf4
Qg4 24.c3 Nc6 25.Qxd8+ Nxd8 26.Rxd8+ Bf8 27.Bh3 Qg5 28.Rxc8 Rxc8 29.Bxc8 Nc7
30.Bxb7 h5 31.Nd5 Ne6 32.Bc1 Qd8 33.Nf6+ Kh8 34.Bd5 Bg7 35.Bxe6 fxe6 36.Ne5

[Event "2 Bundesliga Mitte 2006/2007"]
[Site "Trofaiach"]
[Date "2007.03.03"]
[Round "8"]
[Board "5"]
[White "Hebesberger, Thomas"]
[Black "Mittermayr, Gerhard"]
[Result "1-0"]
[WhiteElo "2333"]
[BlackElo "2178"]
[PlyCount "63"]
[EventDate "2006.10.28"]
[EventType "team"]
[EventRounds "11"]
[EventCountry "AUT"]
[WhiteTeam "ASVOe Raika StVeit/Glan"]
[BlackTeam "SC Ansfelden"]

1.c4 Nf6 2.g3 g6 3.Bg2 Bg7 4.e4 d6 5.Ne2 e5 6.Nbc3 O-O 7.O-O c6 8.d3 Na6 9.h3
Ne8 10.Be3 f5 11.exf5 gxf5 12.d4 f4 13.gxf4 Qh4 14.fxe5 dxe5 15.Kh2 exd4 16.Nxd4
Be5+ 17.f4 Bxf4+ 18.Bxf4 Rxf4 19.Nf3 Qf6 20.Qe1 Be6 21.Qg3+ Ng7 22.Ne2 Rxc4
23.Ne5 Qh6 24.Nxc4 Bxc4 25.Rf2 Re8 26.Qf4 Qe6 27.Nd4 Qe3 28.Qxe3 Rxe3 29.Rg1 h6
30.b3 Bd3 31.Bf1 Bxf1 32.Rfxf1

[Event "2 Bundesliga Mitte 2006/2007"]
[Site "Trofaiach"]
[Date "2007.03.03"]
[Round "8"]
[Board "6"]
[White "Gueting, Jens"]
[Black "Kuess, Mario"]
[Result "1-0"]
[WhiteElo "2232"]
[BlackElo "2138"]
[PlyCount "55"]
[EventDate "2006.10.28"]
[EventType "team"]
[EventRounds "11"]
[EventCountry "AUT"]
[WhiteTeam "SC Ansfelden"]
[BlackTeam "ASVOe Raika StVeit/Glan"]

1.e4 d5 2.exd5 Nf6 3.Bb5+ Bd7 4.Bc4 b5 5.Bb3 a5 6.a3 Bg4 7.f3 Bc8 8.Nc3 Ba6
9.Nge2 Nbd7 10.Nd4 Nc5 11.Nc6 Qd6 12.Nxa5 Nxb3 13.Nxb3 Nxd5 14.Ne4 Qg6 15.O-O e5
16.Re1 Nf4 17.Ng3 O-O-O 18.d3 Ne6 19.Qd2 Nc5 20.Na5 f5 21.b4 Ne6 22.Nc6 Rd5
23.Nxe5 Rxe5 24.Rxe5 Bd6 25.Bb2 Bb7 26.Nxf5 Rf8 27.Nxd6+ cxd6 28.Rxb5

[Event "2 Bundesliga Mitte 2006/2007"]
[Site "Trofaiach"]
[Date "2007.03.03"]
[Round "8"]
[Board "1"]
[White "Wach, Markus"]
[Black "Flumbort, Andras"]
[Result "0-1"]
[WhiteElo "2385"]
[BlackElo "2510"]
[PlyCount "92"]
[EventDate "2006.10.28"]
[EventType "team"]
[EventRounds "11"]
[EventCountry "AUT"]
[WhiteTeam "Fuerstenfeld"]
[BlackTeam "ASK St Valentin"]

1.e4 c6 2.d4 d5 3.exd5 cxd5 4.c4 Nf6 5.Nc3 g6 6.cxd5 Nxd5 7.Qa4+ Bd7 8.Qb3 Nb6
9.d5 Bg7 10.Be3 O-O 11.Rd1 Na6 12.Nf3 Nc7 13.Rd2 Ne8 14.Be2 Nd6 15.O-O Rc8
16.Bd4 Bh6 17.Rdd1 Bg4 18.h3 Bxf3 19.Bxf3 Nbc4 20.Nb1 Bg7 21.Bxg7 Kxg7 22.Rfe1
Re8 23.Bg4 Rc7 24.Rc1 Nb6 25.Nd2 Rxc1 26.Rxc1 Kg8 27.a4 h5 28.Bf3 Qd7 29.a5 Nbc8
30.Be2 a6 31.Rc3 Qf5 32.Rf3 Qg5 33.Qd3 Rd8 34.Rg3 Qe5 35.Re3 Qxb2 36.g4 hxg4
37.hxg4 Qf6 38.Kg2 Rd7 39.Qc2 Qa1 40.Nb3 Qf6 41.Rc3 Na7 42.Nc5 Rc7 43.Qd2 Nab5
44.Bxb5 axb5 45.Rf3 Qe5 46.Nb3 Rc4

[Event "2 Bundesliga Mitte 2006/2007"]
[Site "Trofaiach"]
[Date "2007.03.03"]
[Round "8"]
[Board "2"]
[White "Konopka, Michal"]
[Black "Kuba, Guenter"]
[Result "0-1"]
[WhiteElo "2426"]
[BlackElo "2391"]
[PlyCount "104"]
[EventDate "2006.10.28"]
[EventType "team"]
[EventRounds "11"]
[EventCountry "AUT"]
[WhiteTeam "ASK St Valentin"]
[BlackTeam "Fuerstenfeld"]

1.Nf3 d5 2.c4 e6 3.d4 Nf6 4.g3 Be7 5.Bg2 O-O 6.O-O Nbd7 7.Qc2 c6 8.b3 b6 9.Rd1
Ba6 10.Nbd2 c5 11.Bb2 Rc8 12.Rac1 b5 13.cxd5 cxd4 14.Qd3 e5 15.Nxe5 Nxe5 16.Qxd4
Bd6 17.f4 Nc4 18.Ne4 Nxb2 19.Qxb2 Qb6+ 20.Kh1 Nxe4 21.Bxe4 f5 22.Bf3 Bb7 23.Qb1
Rxc1 24.Rxc1 Rc8 25.Rxc8+ Bxc8 26.Kg2 Qd4 27.Qc2 Bd7 28.Kh3 g6 29.Kg2 Kf7 30.a3
a5 31.h4 Ke7 32.h5 Bc5 33.hxg6 hxg6 34.Qc1 Qf2+ 35.Kh3 g5 36.Bg2 gxf4 37.gxf4
Qe3+ 38.Qxe3+ Bxe3 39.Kg3 Kd6 40.Kf3 Bc1 41.e4 Bxa3 42.Bf1 fxe4+ 43.Kxe4 Kc5
44.f5 Bb2 45.Be2 Bc8 46.Bh5 Bb7 47.Bf7 Bf6 48.Be6 a4 49.bxa4 bxa4 50.Kd3 Bxd5
51.Kc2 Bxe6 52.fxe6 Kb4

[Event "2 Bundesliga Mitte 2006/2007"]
[Site "Trofaiach"]
[Date "2007.03.03"]
[Round "8"]
[Board "3"]
[White "Kilgus, Georg"]
[Black "Sandhoefner, Florian"]
[Result "1-0"]
[WhiteElo "2360"]
[BlackElo "2271"]
[PlyCount "63"]
[EventDate "2006.10.28"]
[EventType "team"]
[EventRounds "11"]
[EventCountry "AUT"]
[WhiteTeam "Fuerstenfeld"]
[BlackTeam "ASK St Valentin"]

1.d4 d5 2.c4 c6 3.Nf3 Nf6 4.e3 Bf5 5.Nc3 e6 6.Nh4 Bg6 7.Nxg6 hxg6 8.g3 Nbd7
9.Bg2 dxc4 10.Qe2 Nb6 11.O-O Be7 12.Bd2 O-O 13.Rfe1 Qd6 14.f4 g5 15.fxg5 Nfd5
16.Ne4 Qd7 17.Nc5 Qc8 18.e4 Nc7 19.Be3 g6 20.h4 Bd6 21.Bf3 e5 22.Bg4 Qb8 23.a4
a5 24.h5 exd4 25.Bxd4 Na6 26.Nxa6 Rxa6 27.hxg6 Be5 28.Bc5 fxg6 29.Be6+ Kg7
30.Bxf8+ Qxf8 31.Rf1 Qc5+ 32.Kg2

[Event "2 Bundesliga Mitte 2006/2007"]
[Site "Trofaiach"]
[Date "2007.03.03"]
[Round "8"]
[Board "4"]
[White "Tober, Gerhard"]
[Black "Frosch, Erich"]
[Result "1-0"]
[WhiteElo "2329"]
[BlackElo "2320"]
[PlyCount "107"]
[EventDate "2006.10.28"]
[EventType "team"]
[EventRounds "11"]
[EventCountry "AUT"]
[WhiteTeam "ASK St Valentin"]
[BlackTeam "Fuerstenfeld"]

1.e4 e5 2.Nf3 Nc6 3.Bc4 Be7 4.d4 exd4 5.Nxd4 Ne5 6.Be2 Nf6 7.f4 Nc6 8.Bf3 Nxd4
9.Qxd4 d6 10.Nc3 O-O 11.Be3 c6 12.O-O-O Qa5 13.h3 Be6 14.g4 b5 15.g5 Nd7 16.Bg4
b4 17.Nb1 Nc5 18.f5 Bxa2 19.f6 Bd8 20.fxg7 Re8 21.Bf5 Bxb1 22.Qxd6 Ne6 23.Kxb1
b3 24.cxb3 Nxg7 25.Rhf1 Qe5 26.Qxe5 Rxe5 27.Bd4 Rb5 28.Bd7 Rxg5 29.Bxc6 Rc8
30.Be3 Rg3 31.Bf4 Rxb3 32.Bd7 Ra8 33.Bc6 Rc8 34.Bd5 Rb6 35.Be3 Rf6 36.Rxf6 Bxf6
37.Rf1 Ne8 38.Bxa7 Kg7 39.Be3 Nd6 40.Bf4 Nc4 41.Rg1+ Kf8 42.Rc1 Nb6 43.Bc7 Bd4
44.Rc6 Ke7 45.Bxb6 Rxc6 46.Bxd4 Rh6 47.b4 Rxh3 48.b5 Kd6 49.b6 Rh1+ 50.Kc2 Rh2+
51.Kc3 Rh3+ 52.Kc4 Rh5 53.b7 Kc7 54.Ba7

[Event "2 Bundesliga Mitte 2006/2007"]
[Site "Trofaiach"]
[Date "2007.03.03"]
[Round "8"]
[Board "5"]
[White "Postl, Anton"]
[Black "Heimberger, Reinhard"]
[Result "1-0"]
[WhiteElo "2292"]
[BlackElo "2294"]
[PlyCount "67"]
[EventDate "2006.10.28"]
[EventType "team"]
[EventRounds "11"]
[EventCountry "AUT"]
[WhiteTeam "Fuerstenfeld"]
[BlackTeam "ASK St Valentin"]

1.d4 d5 2.c4 e6 3.Nc3 Nf6 4.cxd5 exd5 5.Bg5 c6 6.Qc2 Be7 7.e3 O-O 8.Bd3 Nbd7
9.Nf3 Re8 10.h3 Ne4 11.Bxe4 Bxg5 12.Bxh7+ Kh8 13.h4 Bh6 14.Ng5 Qf6 15.O-O-O g6
16.h5 Bxg5 17.hxg6 Kg7 18.gxf7 Qxf7 19.f4 Bh6 20.g4 Nf8 21.Bd3 Rxe3 22.g5 Qxf4
23.gxh6+ Kh8 24.Qd2 Bg4 25.Rhf1 Qg5 26.Rg1 Rae8 27.Rdf1 Ng6 28.Bf5 Nf4 29.Bxg4
Nd3+ 30.Kc2 Nb4+ 31.Kb3 c5 32.dxc5 R8e4 33.Rf8+ Kh7 34.Bf5+

[Event "2 Bundesliga Mitte 2006/2007"]
[Site "Trofaiach"]
[Date "2007.03.03"]
[Round "8"]
[Board "6"]
[White "Trauner, Rudolf"]
[Black "Radnetter, Georg"]
[Result "1/2-1/2"]
[WhiteElo "2233"]
[BlackElo "1995"]
[PlyCount "53"]
[EventDate "2006.10.28"]
[EventType "team"]
[EventRounds "11"]
[EventCountry "AUT"]
[WhiteTeam "ASK St Valentin"]
[BlackTeam "Fuerstenfeld"]

1.c4 e5 2.Nc3 Nf6 3.g3 d5 4.cxd5 Nxd5 5.Bg2 Nb6 6.d3 Be7 7.f4 exf4 8.Bxf4 Nc6
9.Nf3 O-O 10.O-O Be6 11.Kh1 Bf6 12.Qc1 Nd5 13.Bd2 Nd4 14.Nxd4 Bxd4 15.Ne4 c6
16.e3 Bb6 17.d4 Qe7 18.a3 Rad8 19.b4 f5 20.Nc5 Bxc5 21.Qxc5 Qxc5 22.bxc5 Nf6
23.Rab1 Rd7 24.Kg1 Ne4 25.Ba5 h5 26.Rb2 g6 27.Rfb1

[Event "2 Bundesliga Mitte 2006/2007"]
[Site "Trofaiach"]
[Date "2007.03.04"]
[Round "9"]
[Board "1"]
[White "Horvath, Tamas"]
[Black "Kozul, Zdenko"]
[Result "0-1"]
[WhiteElo "2427"]
[BlackElo "2593"]
[PlyCount "80"]
[EventDate "2006.10.28"]
[EventType "team"]
[EventRounds "11"]
[EventCountry "AUT"]
[WhiteTeam "SC Gleisdorf"]
[BlackTeam "ZH Technologies Wolfsberg"]

1.e4 c5 2.Nf3 d6 3.d4 cxd4 4.Nxd4 Nf6 5.f3 e6 6.c4 Be7 7.Nc3 O-O 8.Be2 b6 9.O-O
Bb7 10.Be3 Nbd7 11.Qd2 a6 12.Rfd1 Rc8 13.Bf1 Re8 14.Rac1 Qc7 15.Qf2 Qb8 16.b3
Bf8 17.g4 Ne5 18.g5 Nfd7 19.Qg3 g6 20.h4 Bg7 21.Nde2 Ba8 22.f4 Nc6 23.e5 Ne7
24.Nd4 dxe5 25.fxe5 Bxe5 26.Qh3 Nf8 27.Bg2 Red8 28.Bxa8 Qxa8 29.Qg2 Qxg2+
30.Kxg2 Nd7 31.Na4 Bc7 32.Nf3 b5 33.Nc5 Nf5 34.Rxd7 Nxe3+ 35.Kf2 Rxd7 36.Nxd7
Bf4 37.Re1 Nf5 38.Rd1 bxc4 39.bxc4 Kg7 40.Nf6 h6

[Event "2 Bundesliga Mitte 2006/2007"]
[Site "Trofaiach"]
[Date "2007.03.04"]
[Round "9"]
[Board "2"]
[White "Stevic, Hrvoje"]
[Black "Meszaros, Tamas"]
[Result "1/2-1/2"]
[WhiteElo "2491"]
[BlackElo "2352"]
[PlyCount "46"]
[EventDate "2006.10.28"]
[EventType "team"]
[EventRounds "11"]
[EventCountry "AUT"]
[WhiteTeam "ZH Technologies Wolfsberg"]
[BlackTeam "SC Gleisdorf"]

1.e4 e5 2.Nf3 Nc6 3.Bb5 a6 4.Bxc6 dxc6 5.Nc3 f6 6.d4 exd4 7.Nxd4 c5 8.Nde2 Qxd1+
9.Nxd1 Be6 10.Bf4 O-O-O 11.Ne3 Ne7 12.Bg3 g6 13.f4 f5 14.e5 Nd5 15.Nxd5 Rxd5
16.Bf2 Be7 17.Nc3 Rd7 18.Rd1 Rhd8 19.Rxd7 Rxd7 20.h4 h5 21.Rh3 Rd8 22.Rg3 Rg8
23.Rd3 b5

[Event "2 Bundesliga Mitte 2006/2007"]
[Site "Trofaiach"]
[Date "2007.03.04"]
[Round "9"]
[Board "3"]
[White "Sandhu, Mario"]
[Black "Vajda, Albert"]
[Result "1-0"]
[WhiteElo "2288"]
[BlackElo "2478"]
[PlyCount "57"]
[EventDate "2006.10.28"]
[EventType "team"]
[EventRounds "11"]
[EventCountry "AUT"]
[WhiteTeam "SC Gleisdorf"]
[BlackTeam "ZH Technologies Wolfsberg"]

1.e4 c6 2.c4 e5 3.d4 d6 4.f4 Qf6 5.Nf3 exf4 6.Nc3 Na6 7.Be2 Ne7 8.O-O Ng6 9.e5
dxe5 10.Nxe5 Nxe5 11.dxe5 Bc5+ 12.Kh1 Qe7 13.Ne4 O-O 14.Bxf4 Bf5 15.Nxc5 Qxc5
16.e6 Rad8 17.exf7+ Kh8 18.Qb3 Rxf7 19.Rad1 Rxd1 20.Rxd1 h6 21.Qg3 Qe7 22.Bh5
Bc2 23.Bxf7 Bxd1 24.Bg6 Qf8 25.h3 Be2 26.b3 Qd8 27.Bf5 Bh5 28.Be5 Qf8 29.Qf4

[Event "2 Bundesliga Mitte 2006/2007"]
[Site "Trofaiach"]
[Date "2007.03.04"]
[Round "9"]
[Board "4"]
[White "Schachinger, Mario"]
[Black "Frosch, Ronald"]
[Result "1-0"]
[WhiteElo "2277"]
[BlackElo "2264"]
[PlyCount "57"]
[EventDate "2006.10.28"]
[EventType "team"]
[EventRounds "11"]
[EventCountry "AUT"]
[WhiteTeam "ZH Technologies Wolfsberg"]
[BlackTeam "SC Gleisdorf"]

1.e4 e5 2.Nf3 d6 3.d4 exd4 4.Nxd4 Nf6 5.Nc3 Nc6 6.Bb5 Bd7 7.Bxc6 bxc6 8.Qf3 c5
9.Nf5 g6 10.Bg5 gxf5 11.e5 dxe5 12.Bxf6 Qxf6 13.Qxa8+ Qd8 14.Qxa7 Bc6 15.Qa6
Bxg2 16.Rg1 Bf3 17.Rg3 e4 18.Qc6+ Qd7 19.Qf6 Qd4 20.Qxf5 Bd6 21.Rxf3 exf3
22.Qxf3 O-O 23.Rd1 Re8+ 24.Kf1 Qh4 25.h3 h5 26.Rd5 Re6 27.Rxh5 Qc4+ 28.Qd3 Qf4
29.Qh7+

[Event "2 Bundesliga Mitte 2006/2007"]
[Site "Trofaiach"]
[Date "2007.03.04"]
[Round "9"]
[Board "5"]
[White "Wanderer, Thomas"]
[Black "Waldmann, Gerald"]
[Result "1-0"]
[WhiteElo "2206"]
[BlackElo "2153"]
[PlyCount "101"]
[EventDate "2006.10.28"]
[EventType "team"]
[EventRounds "11"]
[EventCountry "AUT"]
[WhiteTeam "SC Gleisdorf"]
[BlackTeam "ZH Technologies Wolfsberg"]

1.e4 Nf6 2.e5 Nd5 3.c4 Nb6 4.d4 d6 5.exd6 cxd6 6.Nc3 g6 7.Be3 Bg7 8.Rc1 O-O 9.b3
Nc6 10.Nf3 Bg4 11.Be2 e5 12.dxe5 dxe5 13.Qxd8 Rfxd8 14.Nb5 Nc8 15.h3 Bf5 16.O-O
Nd6 17.Nc7 Rac8 18.Nd5 h6 19.Rfd1 Be6 20.Bc5 Nf5 21.g4 Nfd4 22.Nxd4 Bxd5 23.Nb5
Be6 24.Bf3 b6 25.Be3 Nd4 26.Bxd4 exd4 27.Nxa7 Rc5 28.Rd2 h5 29.Rcd1 hxg4 30.Bxg4
Bxg4 31.hxg4 Bh6 32.Rxd4 Rxd4 33.Rxd4 Ra5 34.Nc8 Rxa2 35.Nxb6 Rb2 36.Rd3 Bf8
37.Nd7 Bb4 38.Rf3 Kg7 39.Ne5 f6 40.Nd7 Be7 41.Nb6 Bd6 42.Kg2 Be5 43.Rd3 Rc2
44.Nd5 Kh6 45.Nb4 Re2 46.Kf3 Rb2 47.c5 Rb1 48.c6 Rc1 49.Ke4 Kg5 50.f3 Bc7 51.Kd5

[Event "2 Bundesliga Mitte 2006/2007"]
[Site "Trofaiach"]
[Date "2007.03.04"]
[Round "9"]
[Board "6"]
[White "Toefferl, Heimo"]
[Black "Perhinig, Robert"]
[Result "0-1"]
[WhiteElo "2164"]
[BlackElo "2213"]
[PlyCount "122"]
[EventDate "2006.10.28"]
[EventType "team"]
[EventRounds "11"]
[EventCountry "AUT"]
[WhiteTeam "ZH Technologies Wolfsberg"]
[BlackTeam "SC Gleisdorf"]

1.d4 e6 2.c4 d5 3.Nc3 c6 4.Nf3 Nf6 5.Bg5 Nbd7 6.cxd5 exd5 7.e3 Be7 8.Qc2 O-O
9.Bd3 Re8 10.O-O Nf8 11.Rae1 g6 12.a3 Ne6 13.Bh4 Ng7 14.e4 dxe4 15.Nxe4 Nxe4
16.Bxe7 Rxe7 17.Bxe4 Bf5 18.Re3 Qd6 19.Rfe1 Rae8 20.h3 Rxe4 21.Rxe4 Rxe4 22.Rxe4
Qd5 23.Nd2 Ne6 24.g4 Bxe4 25.Nxe4 Kg7 26.f3 Qxd4+ 27.Kg2 Nf4+ 28.Kh2 Nd5 29.g5
Qe5+ 30.Kh1 f5 31.gxf6+ Nxf6 32.Nf2 h5 33.Qb3 b5 34.Qb4 g5 35.h4 Nd5 36.Qc5 Qe1+
37.Kh2 Qe5+ 38.Kh1 gxh4 39.Qxa7+ Kg6 40.Qc5 Qf6 41.Qc2+ Kg7 42.Qe2 Qf4 43.Ne4
Ne3 44.b4 h3 45.Nc5 Qg3 46.Ne6+ Kf6 47.Nd4 Qg2+ 48.Qxg2 hxg2+ 49.Kg1 h4 50.Nxc6
h3 51.Nd4 Ke5 52.Nxb5 Kf4 53.Nd4 Kg3 54.Ne2+ Kxf3 55.Nd4+ Ke4 56.Ne2 Ng4 57.b5
Ke3 58.b6 Kxe2 59.b7 Kf3 60.b8=Q h2+ 61.Qxh2 Nxh2